संगीत पीयूष निधि / (Record no. 111727)
[ view plain ]
| 000 -LEADER | |
|---|---|
| fixed length control field | 01024nam a22002537a 4500 |
| 005 - DATE AND TIME OF LATEST TRANSACTION | |
| control field | 20170124102928.0 |
| 010 ## - LIBRARY OF CONGRESS CONTROL NUMBER | |
| LC control number | A-954603 |
| 020 ## - INTERNATIONAL STANDARD BOOK NUMBER | |
| Terms of availability | 300.00 |
| 035 ## - SYSTEM CONTROL NUMBER | |
| System control number | A-954603 |
| 037 ## - SOURCE OF ACQUISITION | |
| Source of stock number/acquisition | Cen Lib/Ret |
| 040 ## - CATALOGING SOURCE | |
| Original cataloging agency | DPL |
| Language of cataloging | HN |
| 082 ## - DEWEY DECIMAL CLASSIFICATION NUMBER | |
| Classification number | 781.24 |
| Item number | वेर्माच |
| 100 ## - MAIN ENTRY--PERSONAL NAME | |
| Personal name | वर्मा, चमनलाल |
| 9 (RLIN) | 44252 |
| 245 ## - TITLE STATEMENT | |
| Title | संगीत पीयूष निधि / |
| Statement of responsibility, etc | चमनलाल वर्मा |
| 246 ## - VARYING FORM OF TITLE | |
| Title proper/short title | Sangeet piyush nidhi / |
| Remainder of title | by Chamanlal Verma |
| 260 ## - PUBLICATION, DISTRIBUTION, ETC. (IMPRINT) | |
| Name of publisher, distributor, etc | निर्मल पब्लिकेशन्स |
| Place of publication, distribution, etc | दिल्ली |
| Date of publication, distribution, etc | 1998 |
| 270 ## - ADDRESS | |
| Address | ए-139, गली न. 3, कबीर नगर, शाहदरा |
| City | दिल्ली |
| Postal code | 110094 |
| 300 ## - PHYSICAL DESCRIPTION | |
| Extent | 60,18पृ. : |
| Dimensions | 20सेमी (सजिल्द) |
| Other physical details | चित्र |
| 650 ## - SUBJECT ADDED ENTRY--TOPICAL TERM | |
| Topical term or geographic name as entry element | हिंदी -- साहित्य |
| 9 (RLIN) | 44253 |
| 650 ## - SUBJECT ADDED ENTRY--TOPICAL TERM | |
| Topical term or geographic name as entry element | संगीत |
| 9 (RLIN) | 102 |
| 650 ## - SUBJECT ADDED ENTRY--TOPICAL TERM | |
| Topical term or geographic name as entry element | Hindi -- literature |
| 9 (RLIN) | 44254 |
| 650 ## - SUBJECT ADDED ENTRY--TOPICAL TERM | |
| Topical term or geographic name as entry element | Music |
| 9 (RLIN) | 4778 |
| 942 ## - ADDED ENTRY ELEMENTS (KOHA) | |
| Source of classification or shelving scheme | Dewey Decimal Classification |
| Koha item type | Hindi Books |
| Classification part | 781.24 |
| Call number suffix | वेर्माच |
| Withdrawn status | Lost status | Damaged status | Not for loan | Home library | Current library | Date acquired | Source of acquisition | Cost, normal purchase price | Total Checkouts | Full call number | Barcode | Date last seen | Copy number | Cost, replacement price | Price effective from | Koha item type |
|---|---|---|---|---|---|---|---|---|---|---|---|---|---|---|---|---|
| Central Library | Central Library | 05/08/2015 | Cen Lib/Ret | 300.00 | 781.24 वेर्माच | A-954603 | 05/08/2015 | 1 | 300.00 | 05/08/2015 | Hindi Books |
